Dotácie, podpory a príspevky zo štátneho rozpočtu a zo štátnych účelových fondov

Obsahové vymedzenie pojmu dotácie. Štátne dotácie z pohľadu zákona o daniach z príjmov. Štátne dotácie a ich účtovanie. Praktické príklady.

Gespeichert in:
Bibliographische Detailangaben
1. Verfasser: Mintál, Ján
Format: Buchkapitel
Sprache:Slowakisch
Schlagworte:
Tags: Tag hinzufügen
Keine Tags, Fügen Sie das erste Tag hinzu!

MARC

LEADER 00000naa a2200000 4500
001 r044853
005 20231002123254.9
041 0 |a slo 
044 |a SK 
245 1 0 |a Dotácie, podpory a príspevky zo štátneho rozpočtu a zo štátnych účelových fondov  |c Ján Mintál 
520 |a Obsahové vymedzenie pojmu dotácie. Štátne dotácie z pohľadu zákona o daniach z príjmov. Štátne dotácie a ich účtovanie. Praktické príklady. 
610 2 0 |a dotácie štátne 
610 2 0 |a podpory 
610 2 0 |a fondy účelové 
610 2 0 |a rozpočet štátny 
610 2 0 |a dane z príjmov 
610 2 0 |a účtovanie 
100 1 |a Mintál, Ján